00393nam a2200157Ia 4500003000400000008004100004040001600045082001700061100001500078245002800093700001600121260004000137300000900177650003100186650001800217GCL140319s9999 xx 000 0 eng d aGCL / cGCL04a751.426bM A1 aMIRZA,JILL10aACRYLICS / cMIRZA,JILL1 aHARRIS,NICK a[S.N] : bTHE APPLE PRESS ، c1995 a64 P04aACRYLIC PAINTING TECHNIQUE04aCOLOUR MIXING